[Event "World Rapid Women 2025"]
[Site "Doha QAT"]
[Date "2025.12.27"]
[Round "6.6"]
[White "Dronavalli, Harika"]
[Black "Arabidze, Meri"]
[Result "1/2-1/2"]
[WhiteTitle "GM"]
[BlackTitle "IM"]
[WhiteElo "2466"]
[BlackElo "2413"]
[WhiteFideId "5015197"]
[BlackFideId "13604040"]
[EventDate "2025.12.26"]

1. Nf3 Nf6 2. g3 b5 3. Bg2 Bb7 4. O-O e6 5. b3 Be7 6. Bb2 O-O 7. c4 bxc4 8. bxc4
c5 9. Qc2 Nc6 10. a3 h6 11. d3 d6 12. Nbd2 Rb8 13. Rab1 Ba8 14. e4 Nd7 15. Nb3
Bf6 16. Bc3 Rb6 17. Rfd1 Qe7 18. Na5 Nxa5 19. Bxa5 Ra6 20. Qd2 Bc6 21. Qe1 Ne5
22. Nxe5 Bxe5 23. f4 Bd4+ 24. Kh1 Qf6 25. Rb5 e5 26. f5 Ra8 27. Rdb1 Bxb5 28.
cxb5 Rb6 29. Bxb6 axb6 30. Qc1 h5 31. Bf3 g6 32. Kg2 Kg7 33. h4 Ra5 34. fxg6
fxg6 35. Rb3 Qf7 36. Qd1 Ra8 37. Kh2 Rf8 38. Kg2 Qf6 39. a4 Ra8 40. Ra3 Ra5 41.
Ra2 Qf7 42. Qc2 Qe6 43. Qc4 Qf7 44. Qxf7+ Kxf7 45. Bd1 c4 46. dxc4 Bc5 47. Ra1
Ra8 48. g4 hxg4 49. Bxg4 Ke7 50. Bf3 Bd4 51. Ra2 Bc3 52. h5 gxh5 53. Bxh5 Rg8+
54. Kf3 Rf8+ 55. Kg2 Rg8+ 56. Kf3 Rf8+ 57. Kg2 Rg8+ 58. Kf3 Rf8+ 1/2-1/2

[Event "World Rapid Women 2025"]
[Site "Doha QAT"]
[Date "2025.12.27"]
[Round "6.7"]
[White "Injac, Teodora"]
[Black "Muzychuk, Mariya"]
[Result "0-1"]
[WhiteTitle "IM"]
[BlackTitle "GM"]
[WhiteElo "2421"]
[BlackElo "2475"]
[WhiteFideId "932400"]
[BlackFideId "14114550"]
[EventDate "2025.12.26"]

1. Nf3 d5 2. g3 g6 3. Bg2 Bg7 4. O-O Nf6 5. c4 c6 6. b3 O-O 7. Bb2 Nbd7 8. d3
Re8 9. Nbd2 e5 10. cxd5 cxd5 11. e3 b6 12. b4 Ba6 13. Qb3 e4 14. Ne1 Rc8 15. Rd1
Qe7 16. Bd4 Ne5 17. b5 Bb7 18. dxe4 dxe4 19. Bxe5 Qxe5 20. Nc4 Bd5 21. Nxe5 Bxb3
22. axb3 Rxe5 23. Bh3 Rc7 24. Rd8+ Bf8 25. f3 Rxb5 26. fxe4 Nxe4 27. Nf3 Ng5 28.
Nd4 Nxh3+ 29. Kg2 Re5 30. Kxh3 Kg7 31. Rf3 Bc5 32. Kg4 h5+ 33. Kh3 Rce7 34. Nc6
Rxe3 35. Rf4 Rc7 36. Nb8 Rxb3 37. Na6 Re7 38. Nxc5 bxc5 39. Rc8 Rb2 40. Rxc5
Ree2 41. Kh4 Rxh2+ 42. Kg5 Rb3 43. g4 Rg2 0-1

[Event "World Rapid Women 2025"]
[Site "Doha QAT"]
[Date "2025.12.27"]
[Round "6.8"]
[White "Divya, Deshmukh"]
[Black "Stefanova, Antoaneta"]
[Result "1-0"]
[WhiteTitle "GM"]
[BlackTitle "GM"]
[WhiteElo "2497"]
[BlackElo "2391"]
[WhiteFideId "35006916"]
[BlackFideId "2902257"]
[EventDate "2025.12.26"]

1. d4 Nf6 2. g3 d5 3. Bg2 c6 4. Nf3 g6 5. O-O Bg7 6. c4 O-O 7. a4 Be6 8. cxd5
cxd5 9. a5 Nc6 10. Qa4 a6 11. Nc3 Bd7 12. Qa3 Re8 13. Bg5 e6 14. e4 Ne7 15. Ne5
Bc6 16. Nxc6 bxc6 17. e5 Nd7 18. Na4 Bf8 19. Qc3 h6 20. Bd2 Qb8 21. b4 Rc8 22.
Nc5 Qa7 23. Rfb1 Nf5 24. Bf1 Bxc5 25. bxc5 h5 26. Bd3 Rcb8 27. Bg5 Rxb1+ 28.
Rxb1 Rb8 29. Rxb8+ Nxb8 30. h3 Nd7 31. g4 hxg4 32. hxg4 Ng7 33. Bd8 Ne8 34. g5
Qa8 35. Bf6 Qb7 36. Kg2 Ndxf6 37. gxf6 Nc7 38. Qc1 Qb3 39. Bxa6 Qb4 40. Qe3 Qxa5
41. Bc8 Qa8 42. Qh6 Ne8 43. Bd7 1-0

[Event "World Rapid Women 2025"]
[Site "Doha QAT"]
[Date "2025.12.27"]
[Round "6.9"]
[White "Danielian, Elina"]
[Black "Tan, Zhongyi"]
[Result "0-1"]
[WhiteTitle "GM"]
[BlackTitle "GM"]
[WhiteElo "2408"]
[BlackElo "2524"]
[WhiteFideId "13300210"]
[BlackFideId "8603642"]
[EventDate "2025.12.26"]

1. d4 d5 2. c4 e6 3. Nc3 Nf6 4. cxd5 exd5 5. Bg5 c6 6. e3 h6 7. Bh4 Be7 8. Bd3
O-O 9. Nge2 Nbd7 10. O-O Ne4 11. Bxe7 Qxe7 12. Qc2 Ndf6 13. Rae1 Re8 14. Nd1 Nd6
15. f3 h5 16. Nec3 a6 17. a4 b5 18. b3 Qa7 19. Kh1 Bd7 20. Qd2 c5 21. axb5 axb5
22. dxc5 Qxc5 23. Ne2 Nf5 24. Bxf5 Bxf5 25. Nd4 Bg6 26. Nc3 b4 27. Na4 Qd6 28.
Rc1 Qe5 29. Rfe1 h4 30. h3 Qg5 31. Qf2 Ra7 32. Kg1 Rae7 33. f4 Qg3 34. f5 Bh5
35. Nc2 Re5 36. Rf1 Ne4 37. Qf4 Nd2 38. Rf2 Ne4 39. Rff1 Nc3 40. Nxc3 bxc3 41.
Qd4 Rc8 42. Rf4 f6 43. b4 Rc4 44. Qa7 Rxf4 45. exf4 Re2 46. Qa8+ Kh7 47. Qxd5
Qf2+ 48. Kh2 Bf3 0-1

[Event "World Rapid Women 2025"]
[Site "Doha QAT"]
[Date "2025.12.27"]
[Round "6.10"]
[White "Lagno, Kateryna"]
[Black "Salimova, Nurgyul"]
[Result "1-0"]
[WhiteTitle "GM"]
[BlackTitle "IM"]
[WhiteElo "2508"]
[BlackElo "2396"]
[WhiteFideId "14109336"]
[BlackFideId "2915138"]
[EventDate "2025.12.26"]

1. e4 e5 2. Nf3 Nf6 3. Nxe5 d6 4. Nf3 Nxe4 5. d3 Nf6 6. d4 d5 7. Bd3 Bd6 8. O-O
O-O 9. Nc3 c6 10. Ne5 c5 11. Nb5 Be7 12. dxc5 Bxc5 13. Bg5 Nc6 14. Re1 Nxe5 15.
Rxe5 Qb6 16. Be3 Bxe3 17. Rxe3 Ng4 18. Re2 Bd7 19. Nd4 Rfe8 20. c3 Qd6 21. Nf3
Ne5 22. Nxe5 Rxe5 23. Rxe5 Qxe5 24. Qe1 Re8 25. Qxe5 Rxe5 26. Rd1 Ba4 27. b3 Bc6
28. f4 Re7 29. Kf2 h6 30. g3 Kf8 31. Bf1 Rd7 32. Bg2 Ke7 33. Rd2 Rd6 34. Bf3 Rd7
35. Ke3 Kd6 36. Kd4 Re7 37. Re2 Rxe2 38. Bxe2 Bd7 39. Bf3 Bc6 40. h4 g6 41. h5
b6 42. a3 a5 43. hxg6 fxg6 44. Bg4 Be8 45. Bc8 Bf7 46. b4 axb4 47. cxb4 Kc7 48.
Bh3 Kd6 49. Bf1 g5 50. a4 gxf4 51. gxf4 Be8 52. a5 bxa5 53. bxa5 Bc6 54. Be2 Ba8
55. a6 Bc6 56. Bf3 Ba8 57. a7 Bb7 58. f5 Ba8 59. f6 1-0

[Event "World Rapid Women 2025"]
[Site "Doha QAT"]
[Date "2025.12.27"]
[Round "6.11"]
[White "Kosteniuk, Alexandra"]
[Black "Maltsevskaya, Aleksandra"]
[Result "1-0"]
[WhiteTitle "GM"]
[BlackTitle "IM"]
[WhiteElo "2483"]
[BlackElo "2398"]
[WhiteFideId "4128125"]
[BlackFideId "24174041"]
[EventDate "2025.12.26"]

1. e4 c5 2. c3 e6 3. d4 d5 4. e5 Nc6 5. Nf3 Bd7 6. Be2 Qb6 7. Na3 cxd4 8. cxd4
Bb4+ 9. Kf1 Bxa3 10. bxa3 Nge7 11. h4 Rc8 12. h5 h6 13. g4 Na5 14. Kg2 Bb5 15.
Bd2 Bxe2 16. Qxe2 Nc4 17. Rab1 Qa6 18. Rb3 Nc6 19. Rhb1 b6 20. Bf4 Qa4 21. Qd3
Rc7 22. Rc3 Kd7 23. Ng1 Kc8 24. Ne2 Kb8 25. Bg3 Rhc8 26. f4 a6 27. Be1 Na7 28.
Rcb3 Ka8 29. Nc3 Qe8 30. f5 f6 31. fxe6 Qxe6 32. Qf3 fxe5 33. Nxd5 e4 34. Nxc7+
Rxc7 35. Qg3 Kb7 36. a4 Nc6 37. Bf2 e3 38. Bxe3 Qe4+ 39. Kh3 N6a5 40. Bf4 Nxb3
41. axb3 Qxb1 42. Bxc7 Qf1+ 43. Kh2 Nd2 44. Qd6 Qf2+ 45. Kh3 Qf3+ 46. Kh2 Nf1+
47. Kg1 Ne3 48. Qxb6+ Kc8 49. Qb8+ Kd7 50. Qd8+ Ke6 51. Qe8+ Kd5 52. Qa8+ 1-0

[Event "World Rapid Women 2025"]
[Site "Doha QAT"]
[Date "2025.12.27"]
[Round "6.12"]
[White "Dzagnidze, Nana"]
[Black "Badelka, Olga"]
[Result "0-1"]
[WhiteTitle "GM"]
[BlackTitle "IM"]
[WhiteElo "2469"]
[BlackElo "2395"]
[WhiteFideId "13601903"]
[BlackFideId "13509926"]
[EventDate "2025.12.26"]

1. Nf3 d5 2. e3 Nf6 3. c4 dxc4 4. Bxc4 a6 5. d4 e6 6. O-O c5 7. Qe2 b5 8. Bb3
Bb7 9. Rd1 Nbd7 10. Nc3 Be7 11. d5 exd5 12. Bxd5 Nxd5 13. Nxd5 Bxd5 14. Rxd5 Qc7
15. e4 O-O 16. Bg5 Bxg5 17. Rxg5 Rfe8 18. Rg3 Nf8 19. Rc1 Rad8 20. b3 Ne6 21. h3
Nf4 22. Qc2 c4 23. Nh4 g6 24. Re3 Qe7 25. Nf3 Rc8 26. e5 Nd3 27. Rd1 Red8 28.
bxc4 bxc4 29. Qc3 Nf4 30. Rxd8+ Qxd8 31. Kh2 Nd5 32. Qc2 Nxe3 33. fxe3 c3 34.
Nd4 Qd7 35. Nf3 0-1

[Event "World Rapid Women 2025"]
[Site "Doha QAT"]
[Date "2025.12.27"]
[Round "6.13"]
[White "Song, Yuxin"]
[Black "Nurman, Alua"]
[Result "1-0"]
[WhiteTitle "IM"]
[BlackTitle "WGM"]
[WhiteElo "2454"]
[BlackElo "2367"]
[WhiteFideId "8614300"]
[BlackFideId "13729390"]
[EventDate "2025.12.26"]

1. e4 e5 2. Nf3 Nc6 3. Bb5 a6 4. Ba4 Nf6 5. d3 b5 6. Bb3 Bc5 7. a4 Rb8 8. axb5
axb5 9. O-O O-O 10. Be3 d6 11. h3 Bb6 12. Qe1 Be6 13. Bxe6 fxe6 14. Qc3 Qd7 15.
Nbd2 Nd4 16. Nxd4 b4 17. Qc4 d5 18. exd5 exd5 19. Qc6 exd4 20. Qxd7 Nxd7 21. Bg5
Rbe8 22. Rfe1 c5 23. Be7 Rf5 24. Bd6 Kf7 25. g4 Rf6 26. Rxe8 Kxe8 27. Re1+ Kf7
28. Re7+ Kf8 29. Rxd7+ Ke8 30. Re7+ Kd8 31. Bxc5 Bxc5 32. Rxg7 h6 33. g5 hxg5
34. Rxg5 Rd6 35. Nb3 Bb6 36. Rg4 Ke7 37. Nxd4 Kf6 38. Kg2 Bxd4 39. Rxd4 Rc6 40.
Rxb4 Rxc2 41. h4 Rd2 42. Rb3 Kf5 43. Kf3 Rd1 44. Ke2 Rh1 45. Rb4 Ke5 46. Ra4 Rh3
47. Rg4 Rh1 48. b4 Rb1 49. Ke3 Re1+ 50. Kd2 Rh1 51. Kc3 Rh2 52. f4+ Kf5 53. Rg5+
Kxf4 54. Rxd5 Ke3 55. Re5+ 1-0

[Event "World Rapid Women 2025"]
[Site "Doha QAT"]
[Date "2025.12.27"]
[Round "6.14"]
[White "Mammadzada, Gunay"]
[Black "Khamdamova, Afruza"]
[Result "1/2-1/2"]
[WhiteTitle "IM"]
[BlackTitle "WGM"]
[WhiteElo "2390"]
[BlackElo "2403"]
[WhiteFideId "13403729"]
[BlackFideId "14210444"]
[EventDate "2025.12.26"]

1. d4 d5 2. Nf3 Nf6 3. Bf4 e6 4. e3 c5 5. c3 Nc6 6. Nbd2 cxd4 7. exd4 Nh5 8. Be3
Bd6 9. Bd3 Nf4 10. Bxf4 Bxf4 11. g3 Bh6 12. h4 Qb6 13. b4 Bd7 14. b5 Na5 15. Ne5
Qc7 16. O-O O-O 17. Nb3 Nxb3 18. axb3 g6 19. h5 Bg7 20. hxg6 hxg6 21. Nxd7 Qxd7
22. Qg4 Rfc8 23. Rfc1 Qd6 24. Ra2 Rc7 25. Kg2 b6 26. Rac2 Rac8 27. b4 e5 28.
dxe5 Bxe5 29. c4 dxc4 30. Bxc4 Kg7 31. Qe4 Bf6 32. Ba2 Rxc2 33. Rxc2 Rxc2 34.
Qxc2 Qxb4 35. Qc7 Qe4+ 36. Kh2 Qe7 37. Qxe7 Bxe7 38. f4 f5 39. Kg2 Kf6 40. Kf3
g5 41. fxg5+ Kxg5 42. Bb1 Kf6 43. g4 fxg4+ 44. Kxg4 Ke5 45. Bd3 Kd4 46. Bf1 1/2-1/2

[Event "World Rapid Women 2025"]
[Site "Doha QAT"]
[Date "2025.12.27"]
[Round "6.15"]
[White "Mamedjarova, Turkan"]
[Black "Shuvalova, Polina"]
[Result "1/2-1/2"]
[WhiteTitle "WGM"]
[BlackTitle "IM"]
[WhiteElo "2216"]
[BlackElo "2502"]
[WhiteFideId "13402005"]
[BlackFideId "24171760"]
[EventDate "2025.12.26"]

1. d4 d5 2. Nf3 Nf6 3. Bf4 c5 4. e3 Nc6 5. c3 Qb6 6. b3 Bf5 7. Bd3 Bxd3 8. Qxd3
cxd4 9. exd4 e6 10. O-O Be7 11. Nbd2 O-O 12. Ne5 Rac8 13. h3 Rfd8 14. Rfe1 Nxe5
15. Bxe5 Rc6 16. c4 dxc4 17. bxc4 Qa5 18. Rab1 Qa6 19. Qe3 Rcc8 20. Qg3 b6 21.
Qb3 h6 22. a4 Nd7 23. Bf4 Bf6 24. Be3 Nb8 25. c5 Bxd4 26. cxb6 Bxb6 27. Bxb6
Qxb6 28. Qxb6 axb6 29. Ne4 Rc6 30. Rb4 Na6 31. Rb5 Nc7 32. Rb4 Nd5 33. Rd1 Ra8
34. Rbd4 Rc2 35. R1d3 Ra2 36. Nc3 Nxc3 37. Rxc3 R2xa4 38. Rd6 Rb8 39. Rc7 Rf4
40. g3 Rf5 41. Kg2 g5 42. g4 Rf4 43. Kg3 Rf6 44. Rcc6 b5 45. Rb6 Ra8 46. Rxb5
Ra3+ 47. Kg2 Kg7 48. Rb2 Rff3 49. Rb7 Kg6 50. Rd8 Rf4 51. Rg8+ Kh7 52. Rbb8 Ra2
53. Rh8+ Kg7 54. Rbg8+ Kf6 55. Rxh6+ Ke5 56. Rxg5+ Ke4 57. Rb5 Rfxf2+ 58. Kg3
Rf3+ 59. Kh4 Raa3 60. Kg5 Rxh3 61. Rb4+ Ke5 62. Rf6 Rhf3 63. Rb5+ Kd4 64. Rb4+
Kd5 65. Rb5+ Kc6 66. Rbf5 Rh3 67. Rf1 Ra5+ 68. Kf4 Rh7 69. Ke4 Ra7 70. R6f3 Kd6
71. Rd3+ Ke7 72. Rfd1 Rg7 73. Kf3 Ra4 74. Rd4 Ra3+ 75. Kf2 Kf6 76. Rf4+ Kg5 77.
Rb4 Rh7 78. Kg2 Ra2+ 79. Kg3 Ra3+ 80. Kg2 Rh4 81. Rb5+ Kg6 82. Rd4 f6 83. Rc4 e5
84. Rb8 Rd3 85. Rg8+ Kf7 86. Rgc8 Rd6 87. R4c7+ Ke6 88. Re8+ Kd5 89. Kg3 Rh1 90.
Rec8 Rg1+ 91. Kf3 Rf1+ 92. Ke3 Rg1 93. Kf3 Ra6 94. Rc5+ Kd6 95. Rc4 Ra3+ 96. Kf2
Raa1 97. R4c6+ Kd5 98. Rc5+ Ke6 99. R5c6+ Kf7 100. R6c7+ Kg6 101. Rg8+ Kh6 102.
Rcg7 Raf1+ 103. Ke2 Re1+ 104. Kd2 Rd1+ 105. Ke2 Rde1+ 106. Kd2 Rd1+ 107. Ke2
Rde1+ 1/2-1/2

[Event "World Rapid Women 2025"]
[Site "Doha QAT"]
[Date "2025.12.27"]
[Round "6.16"]
[White "Chen, Yining"]
[Black "Vantika, Agrawal"]
[Result "1-0"]
[WhiteTitle "FM"]
[BlackTitle "IM"]
[WhiteElo "2278"]
[BlackElo "2369"]
[WhiteFideId "8620946"]
[BlackFideId "25050389"]
[EventDate "2025.12.26"]

1. d4 Nf6 2. c4 e6 3. Nf3 c5 4. d5 exd5 5. cxd5 d6 6. Nc3 g6 7. Nd2 Bg7 8. e4
O-O 9. Be2 Re8 10. O-O Nbd7 11. a4 a6 12. Qc2 Ne5 13. h3 g5 14. Ra3 Rb8 15. Re1
h6 16. Nf1 Ng6 17. Ng3 Nf4 18. Bd2 Bd7 19. a5 Qe7 20. Bf1 Nh7 21. Na4 Be5 22.
Nb6 Nf8 23. b4 cxb4 24. Bxb4 Qf6 25. Bc3 Rbc8 26. Bxe5 Qxe5 27. Nxc8 Rxc8 28.
Qb1 h5 29. Qa1 Qe7 30. Nf5 Bxf5 31. exf5 Qd7 32. Qf6 Nh7 33. Qe7 Qxf5 34. Qxd6
Kg7 35. Rf3 Nf6 36. Re5 Qg6 37. h4 Rc1 38. Rxg5 Ne2+ 39. Kh2 Ng4+ 40. Kh3 Ng1+
41. Kg3 Nxf3 42. Rxg6+ fxg6 43. gxf3 Rxf1 44. Qe7+ Kh6 45. fxg4 Rg1+ 46. Kh2
Rxg4 47. d6 g5 48. hxg5+ Rxg5 49. d7 1-0

[Event "World Rapid Women 2025"]
[Site "Doha QAT"]
[Date "2025.12.27"]
[Round "6.17"]
[White "Mammadova, Gulnar"]
[Black "Mkrtchyan, Mariam"]
[Result "1-0"]
[WhiteTitle "IM"]
[BlackTitle "WIM"]
[WhiteElo "2330"]
[BlackElo "2353"]
[WhiteFideId "13403508"]
[BlackFideId "13310828"]
[EventDate "2025.12.26"]

1. e4 e5 2. Nf3 Nc6 3. Bc4 Nf6 4. d3 Be7 5. O-O O-O 6. Re1 d6 7. a4 Be6 8. Nbd2
a5 9. c3 h6 10. h3 Nh7 11. Qb3 Qd7 12. d4 Bxc4 13. Nxc4 Ng5 14. Bxg5 Bxg5 15.
dxe5 dxe5 16. Ncxe5 Nxe5 17. Nxe5 Qd6 18. Nf3 b6 19. Rad1 Qe7 20. e5 Rfe8 21.
Qc4 Qc5 22. Qxc5 bxc5 23. Nxg5 hxg5 24. Rd5 Rab8 25. Re2 c4 26. Rxa5 Ra8 27. Rc5
Rxa4 28. Rxc7 Re6 29. Kh2 f6 30. Rd2 Rxe5 31. Rdd7 Re2 32. Rxg7+ Kh8 33. Rgf7
Kg8 34. Rxf6 Rxb2 35. f3 Rc2 36. Rd6 Ra8 37. Rxc4 Kf7 38. Rc7+ Ke8 39. Rh6 Kd8
40. Rg7 1-0

[Event "World Rapid Women 2025"]
[Site "Doha QAT"]
[Date "2025.12.27"]
[Round "6.18"]
[White "Ju, Wenjun"]
[Black "Fataliyeva, Ulviyya"]
[Result "1-0"]
[WhiteTitle "GM"]
[BlackTitle "IM"]
[WhiteElo "2565"]
[BlackElo "2434"]
[WhiteFideId "8603006"]
[BlackFideId "13403052"]
[EventDate "2025.12.26"]

1. Nf3 d5 2. b3 Nf6 3. Bb2 e6 4. c4 Be7 5. g3 O-O 6. Bg2 c5 7. cxd5 exd5 8. O-O
Nc6 9. d4 Ne4 10. dxc5 Bxc5 11. Nc3 Be6 12. Na4 Be7 13. Rc1 Rc8 14. e3 b5 15.
Nc3 Bf6 16. Nd4 Nxd4 17. exd4 Nxc3 18. Bxc3 Qb6 19. Bb4 Rxc1 20. Qxc1 Rc8 21.
Bc5 Qa5 22. Qb2 a6 23. b4 Qd8 24. h4 a5 25. a3 Bf5 26. Re1 axb4 27. axb4 Bd3 28.
Qd2 Bc4 29. Qf4 Qd7 30. Kh2 Re8 31. Qf5 Qd8 32. Rxe8+ Qxe8 33. Bxd5 Bxd5 34.
Qxd5 h6 35. Qf3 Qd8 36. d5 Be5 37. Qe4 Qf6 38. Kg2 g5 39. hxg5 hxg5 40. Qd3 Bd6
41. Qxb5 Qe5 42. Qd3 Qe7 43. Qe3 Bxc5 44. bxc5 Qd8 45. d6 g4 46. Qe4 Qd7 47. Qd5 1-0

[Event "World Rapid Women 2025"]
[Site "Doha QAT"]
[Date "2025.12.27"]
[Round "6.19"]
[White "Shvedova, Alexandra"]
[Black "Muzychuk, Anna"]
[Result "0-1"]
[WhiteTitle "WIM"]
[BlackTitle "GM"]
[WhiteElo "2255"]
[BlackElo "2518"]
[WhiteFideId "54154782"]
[BlackFideId "14111330"]
[EventDate "2025.12.26"]

1. e4 e5 2. Nf3 Nc6 3. Bc4 Nf6 4. d3 Bc5 5. O-O d6 6. c3 a5 7. a4 h6 8. Nbd2 O-O
9. h3 Be6 10. Re1 Bxc4 11. Nxc4 Re8 12. Be3 Bxe3 13. Nxe3 Qd7 14. Qb3 b6 15.
Rad1 Rad8 16. Nd5 Nxd5 17. exd5 Ne7 18. d4 Ng6 19. c4 e4 20. Nd2 f5 21. f3 exf3
22. Nxf3 Rxe1+ 23. Rxe1 Re8 24. Rxe8+ Qxe8 25. Qd3 Qxa4 26. Qxf5 Nf8 27. c5 bxc5
28. dxc5 Qa1+ 29. Kh2 Qxb2 30. cxd6 cxd6 31. Qf4 Qb4 32. Nd4 a4 33. Qe3 Qc5 34.
Qe4 Qc4 35. Qe3 Qxd5 36. Nf3 Qb3 37. Qe7 a3 38. Nd4 Qd5 39. Nc2 a2 40. Qa7 Qb3
41. Na1 Qb2 42. Qg1 Ne6 43. Qf1 d5 44. Qf5 Nf4 45. Qxf4 Qxa1 46. Qf5 Qb1 0-1

[Event "World Rapid Women 2025"]
[Site "Doha QAT"]
[Date "2025.12.27"]
[Round "6.20"]
[White "Kamalidenova, Meruert"]
[Black "Berend, Elvira"]
[Result "1-0"]
[WhiteTitle "IM"]
[BlackTitle "WGM"]
[WhiteElo "2366"]
[BlackElo "2265"]
[WhiteFideId "13712802"]
[BlackFideId "4000510"]
[EventDate "2025.12.26"]

1. e4 c5 2. Nf3 g6 3. c3 d5 4. exd5 Qxd5 5. d4 Bg7 6. Nbd2 cxd4 7. Bc4 Qd8 8.
Nxd4 Nf6 9. O-O O-O 10. N2f3 Nbd7 11. Qe2 Nb6 12. Bb3 e6 13. Bf4 Nfd5 14. Bg3
Bd7 15. Rad1 Qc8 16. Rfe1 a6 17. c4 Nf6 18. Bd6 Re8 19. Ne5 Ba4 20. Bxa4 Nxa4
21. c5 Nd5 22. Rc1 Qd8 23. Qc2 b5 24. Ndc6 Qc8 25. Na5 Qd8 26. Nb7 Qh4 27. c6
Nab6 28. b3 Rac8 29. Nf3 Qg4 30. h3 Qf5 31. Qxf5 gxf5 32. Be5 Bxe5 33. Nxe5 Rc7
34. Red1 f6 35. Nd3 b4 36. Na5 Nc3 37. Re1 Ncd5 38. Nc5 Kf7 39. g3 h5 40. h4 f4
41. Kg2 e5 42. Ne4 Rg8 43. Kf3 Ke6 44. Nb7 Rgc8 45. Red1 fxg3 46. fxg3 f5 47.
Ng5+ Kf6 48. Na5 e4+ 49. Kf2 Ke5 50. Rc5 Kd6 51. Rc2 Ke5 52. Re1 Ne7 53. Rc5+
Kf6 54. Rd1 Ng6 55. Rd6+ Kg7 56. Ne6+ Kf7 57. Nxc7 Rxc7 58. Rxf5+ 1-0

[Event "World Rapid Women 2025"]
[Site "Doha QAT"]
[Date "2025.12.27"]
[Round "6.21"]
[White "Yip, Carissa"]
[Black "Savitha, Shri B"]
[Result "0-1"]
[WhiteTitle "IM"]
[BlackTitle "IM"]
[WhiteElo "2459"]
[BlackElo "2334"]
[WhiteFideId "2090732"]
[BlackFideId "35061887"]
[EventDate "2025.12.26"]

1. e4 c5 2. Nf3 Nc6 3. d4 cxd4 4. Nxd4 Nf6 5. Nc3 e5 6. Ndb5 d6 7. Be2 a6 8. Na3
b5 9. Nd5 Be7 10. Be3 Nxd5 11. exd5 Nb8 12. c4 b4 13. Nc2 a5 14. O-O O-O 15. a3
b3 16. Ne1 a4 17. Nd3 Na6 18. Qd2 Bd7 19. c5 e4 20. cxd6 Bxd6 21. Nf4 Qf6 22.
Nh5 Qg6 23. Rac1 Nc7 24. Bd4 f6 25. Bc5 f5 26. Bxd6 Qxd6 27. Qf4 Ne8 28. Rfd1 g6
29. Qxd6 Nxd6 30. Rc7 Bb5 31. Nf4 Rfc8 32. Rdc1 Rxc7 33. Rxc7 g5 34. Bxb5 Nxb5
35. Rb7 Rc8 36. Ne2 Nd6 37. Rb6 Rc2 38. Ng3 Nc4 39. Rb8+ Kf7 40. h4 Nd6 41. hxg5
Rxb2 42. Nh5 Rd2 43. Nf6 b2 44. g4 Rd1+ 45. Kg2 b1=Q 0-1

[Event "World Rapid Women 2025"]
[Site "Doha QAT"]
[Date "2025.12.27"]
[Round "6.22"]
[White "Shukhman, Anna"]
[Black "Garifullina, Leya"]
[Result "0-1"]
[WhiteTitle "WGM"]
[BlackTitle "IM"]
[WhiteElo "2431"]
[BlackElo "2454"]
[WhiteFideId "54180058"]
[BlackFideId "34127035"]
[EventDate "2025.12.26"]

1. e4 c5 2. Nf3 d6 3. d4 cxd4 4. Nxd4 Nf6 5. Nc3 a6 6. Nb3 e6 7. Be3 b5 8. e5
dxe5 9. Qf3 e4 10. Nxe4 Nd5 11. O-O-O Nd7 12. Nd4 Bb7 13. Bg5 Qb6 14. Kb1 Nc5
15. Nxc5 Bxc5 16. Qg4 h5 17. Qh4 f6 18. Be3 Nxe3 19. fxe3 O-O-O 20. Be2 e5 21.
Nf5 g6 22. b4 Rxd1+ 23. Rxd1 Bf8 24. Ng3 Be7 25. Qh3+ Kb8 26. Qd7 Bxb4 27. Bf3
Rc8 28. Bxb7 Qxb7 29. Qe6 Qc6 30. Qb3 Qc3 31. Ne4 Qxb3+ 32. axb3 Be7 33. Kb2 Rd8
34. Rd3 Kc7 35. Nc3 Kc6 36. e4 Rxd3 37. cxd3 Kc5 38. Nd5 Bd8 39. Kc3 a5 40. Ne3
Kc6 41. Nc2 f5 42. d4 fxe4 43. dxe5 Kd5 44. b4 Kxe5 45. Kb3 g5 46. bxa5 Bxa5 47.
Na3 e3 48. Kc2 e2 0-1

[Event "World Rapid Women 2025"]
[Site "Doha QAT"]
[Date "2025.12.27"]
[Round "6.23"]
[White "Buksa, Nataliya"]
[Black "Munkhzul, Turmunkh"]
[Result "1/2-1/2"]
[WhiteTitle "IM"]
[BlackTitle "WGM"]
[WhiteElo "2397"]
[BlackElo "2271"]
[WhiteFideId "14123622"]
[BlackFideId "4901878"]
[EventDate "2025.12.26"]

1. e4 d6 2. d4 Nf6 3. Nc3 g6 4. f4 Bg7 5. Nf3 O-O 6. Bd3 c5 7. d5 e6 8. O-O exd5
9. Nxd5 Nxd5 10. exd5 Nd7 11. c4 b5 12. cxb5 Bb7 13. Bc2 Nb6 14. f5 Bxd5 15. a4
a5 16. Ra3 Qc7 17. Ng5 Bd4+ 18. Kh1 Rae8 19. Rg3 Be5 20. Nxh7 Bxg3 21. Nf6+ Kg7
22. Nxe8+ Rxe8 23. hxg3 Qb7 24. f6+ Kf8 25. Qd2 Re5 26. g4 Nc4 27. Qf2 Re6 28.
Kg1 Ne5 29. Qg3 Ke8 30. Bd2 Nc4 31. Bf4 Kd8 32. Re1 Qd7 33. Rxe6 Qxe6 34. b3 Ne5
35. Bxe5 Qxe5 36. Qxe5 dxe5 37. g5 Kd7 38. Kf2 Ke6 39. Ke3 Kd6 40. g3 Be6 41.
Kd2 Bd5 42. Ke3 Be6 43. Bd1 Bd5 44. Bc2 Be6 1/2-1/2

[Event "World Rapid Women 2025"]
[Site "Doha QAT"]
[Date "2025.12.27"]
[Round "6.24"]
[White "Mamedjarova, Zeinab"]
[Black "Preobrazhenskaya, Diana"]
[Result "0-1"]
[WhiteTitle "WGM"]
[BlackTitle "WFM"]
[WhiteElo "2155"]
[BlackElo "2131"]
[WhiteFideId "13401521"]
[BlackFideId "34270566"]
[EventDate "2025.12.26"]

1. d4 Nf6 2. Nf3 b6 3. e3 Bb7 4. Be2 d6 5. O-O Nbd7 6. b3 e5 7. Bb2 e4 8. Nfd2
d5 9. c4 c6 10. f3 exf3 11. Bxf3 Bd6 12. e4 dxe4 13. Nxe4 Nxe4 14. Bxe4 Qc7 15.
g3 O-O-O 16. Nc3 Nf6 17. Bg2 h5 18. Rc1 Kb8 19. b4 Bxb4 20. Qb3 Be7 21. c5 h4
22. Ne2 bxc5 23. Qxf7 hxg3 24. hxg3 cxd4 25. Bxd4 Rxd4 26. Nxd4 Qxg3 27. Qxe7
Qh2+ 28. Kf2 Qf4+ 29. Nf3 Ne4+ 30. Ke2 Ba6+ 31. Kd1 Bxf1 32. Qb4+ Ka8 33. Bxf1
Qxf3+ 34. Be2 Rd8+ 35. Kc2 Qxe2+ 36. Kb1 Rb8 0-1

[Event "World Rapid Women 2025"]
[Site "Doha QAT"]
[Date "2025.12.27"]
[Round "6.25"]
[White "Priyanka, Nutakki"]
[Black "Gunina, Valentina"]
[Result "0-1"]
[WhiteTitle "WGM"]
[BlackTitle "GM"]
[WhiteElo "2292"]
[BlackElo "2393"]
[WhiteFideId "25049615"]
[BlackFideId "4167570"]
[EventDate "2025.12.26"]

1. Nf3 d5 2. b3 Nf6 3. Bb2 Bf5 4. g3 e6 5. Bg2 h6 6. O-O Be7 7. d3 O-O 8. Nbd2
c5 9. e3 Nc6 10. Qe2 Bg6 11. h3 Qc7 12. e4 Rfe8 13. a3 Rad8 14. Rae1 a5 15. a4
Nb4 16. Rc1 Nd7 17. Nb1 c4 18. dxc4 dxc4 19. Na3 Na2 20. Ra1 Bxa3 21. Bxa3 Nc3
22. Qe3 Nxe4 23. Nh4 Nef6 24. Nxg6 fxg6 25. Rad1 Nb6 26. Rxd8 Qxd8 27. Bxb7 Nbd5
28. Qd4 Qd7 29. Ba6 e5 30. Qxc4 Qxh3 31. Bb7 Kh7 32. Qh4 Qf5 33. Qc4 e4 34. Bxd5
Nxd5 35. Qb5 Re5 36. Bb2 Nc3 37. Qc4 Rc5 38. Qa6 Qf3 39. Bxc3 Rh5 0-1